Biggest sources of immigrants to Florida - Statistics

General Stats
  • This quiz has been taken 72 times
  • The average score is 8 of 10
Answer Stats
Hint Answer % Correct
984,658 Cuba
96%
250,385 Mexico
96%
315,275 Colombia
90%
141,390 Brazil
83%
78,965 United Kingdom
83%
102,838 India
79%
116,521 Canada
77%
61,366 El Salvador
73%
226,708 Jamaica
71%
93,985 Philippines
67%
No matching quizzes found
Score Distribution
Percent of People with Each Score
Percentile by Number Answered
Your Score History
You have not taken this quiz